000
00303nam a2200121 a 4500
005
20140414093847.0
008
100616s19uu xx uuu eng d
050
_a
CDR 899.2103
_b
RIZ #3
100
_a
Rizal, Jose
245
_a
Noli me tengere :
_b
dito po sa amin (3).
942
_c
AVM
999
_c
109662
_d
109662